<?xml version="1.0" encoding="UTF-8"?>
<record
    xmlns:xsi="http://www.w3.org/2001/XMLSchema-instance"
    xsi:schemaLocation="http://www.loc.gov/MARC21/slim http://www.loc.gov/standards/marcxml/schema/MARC21slim.xsd"
    xmlns="http://www.loc.gov/MARC21/slim">

  <leader>03644nam a2200349 a 4500</leader>
  <controlfield tag="003">OSt</controlfield>
  <controlfield tag="005">20241004113532.0</controlfield>
  <controlfield tag="007">cr ||||||a|c|a</controlfield>
  <controlfield tag="008">240801s2021    mx a|||fom||| 001 0 spa d</controlfield>
  <datafield tag="040" ind1=" " ind2=" ">
    <subfield code="e">rda</subfield>
  </datafield>
  <datafield tag="100" ind1="1" ind2=" ">
    <subfield code="a">S&#xE1;nchez S&#xE1;nchez, Zaira Sarahi</subfield>
    <subfield code="9">189333</subfield>
  </datafield>
  <datafield tag="245" ind1="1" ind2="0">
    <subfield code="a">Composici&#xF3;n qu&#xED;mica de cuatro gram&#xED;neas forrajeras del Estado de Jalisco /</subfield>
    <subfield code="c">por Zaira Sarahi S&#xE1;nchez S&#xE1;nchez; director de tesis Sergio Ib&#xE1;n Mendoza Pedroza; secretario Eliseo Sosa Montes; vocal Jacinto Efr&#xE9;n Ram&#xED;rez Bribiesca; suplente Fernando Gonz&#xE1;lez Cer&#xF3;n; suplente Jose Melquiades Monz&#xF3;n Armenta.            </subfield>
  </datafield>
  <datafield tag="264" ind1=" " ind2="1">
    <subfield code="a">Chapingo, M&#xE9;xico :</subfield>
    <subfield code="b">El autor,</subfield>
    <subfield code="c">2021.</subfield>
  </datafield>
  <datafield tag="300" ind1=" " ind2=" ">
    <subfield code="a">1 recurso en l&#xED;nea (47 p&#xE1;ginas):</subfield>
    <subfield code="b">cuadros, figuras.</subfield>
  </datafield>
  <datafield tag="336" ind1=" " ind2=" ">
    <subfield code="2">rdacontent</subfield>
    <subfield code="a">texto</subfield>
    <subfield code="b">txt</subfield>
  </datafield>
  <datafield tag="337" ind1=" " ind2=" ">
    <subfield code="2">rdamedia</subfield>
    <subfield code="a">computadora</subfield>
    <subfield code="b">c</subfield>
  </datafield>
  <datafield tag="338" ind1=" " ind2=" ">
    <subfield code="2">rdacarrier</subfield>
    <subfield code="a">recurso en l&#xED;nea</subfield>
    <subfield code="b">cr</subfield>
  </datafield>
  <datafield tag="502" ind1=" " ind2=" ">
    <subfield code="b">IAEZ</subfield>
    <subfield code="c">Zootecn&#xED;a</subfield>
    <subfield code="d">2021.</subfield>
    <subfield code="g">LIC</subfield>
  </datafield>
  <datafield tag="504" ind1=" " ind2=" ">
    <subfield code="a">Incluye referencias bibliogr&#xE1;ficas: p&#xE1;ginas 34-37.</subfield>
  </datafield>
  <datafield tag="520" ind1=" " ind2=" ">
    <subfield code="a">La alimentaci&#xF3;n constituye un 70% de los costos de producci&#xF3;n, en el tr&#xF3;pico mexicano la ganader&#xED;a est&#xE1; basada en sistemas de producci&#xF3;n extensivos, donde la mayor parte de la alimentaci&#xF3;n es obtenida a partir de los forrajes. Es importante conocer el contenido nutricional de los forrajes principalmente de: Cenchrus ciliaris L., Megathyrsus maximus (Jacq.) B.K. Simon &amp; S.W.L Jacobs Var. Guinea, Ixophorus unisetus (J. Presl) Schltdl y Megathyrsus maximus CV. Tanzania, ya que son ejemplares establecidos y utilizados con frecuencia en el Tr&#xF3;pico para la alimentaci&#xF3;n animal. Los forrajes cuatro ejemplares fueron analizados en laboratorio de Nutrici&#xF3;n Animal del Departamento de Zootecnia de la Universidad Aut&#xF3;noma Chapingo, se determin&#xF3;: Materia seca (MS), Cenizas (Ce), Prote&#xED;na bruta (PB), Extracto et&#xE9;reo (EE), Fibra detergente neutro (FDN), Fibra detergente acido (FDA) y celulosa (CEL). Las muestras fueron colectadas en los potreros del Rancho &#x201C;San Luis Tenango&#x201D; ubicado en Tonaya, Jalisco. El an&#xE1;lisis de las muestras se hizo con tres repeticiones por muestra, cada repetici&#xF3;n se tom&#xF3; como una unidad experimental. Se utilizaron las medias de cada una de las variables estudiadas y fueron analizadas mediante la prueba de Tukey (P=0.05), mostrando que existen diferencias estad&#xED;sticamente significativas en casi todas las variables evaluadas. Megathyrsus maximus (Jacq.) B.K. Simon &amp; S.W.L Jacobs Var. Guinea fue la especie forrajera con mayor cantidad de PC (12.95%), seguida por Megathyrsus maximus CV. Tanzania con 8.73% PC. Megathyrsus maximus (Jaq.) B.K. Simon &amp; S.W.L. Jacobs Var. Guinea tiene un porcentaje de cenizas de 11.70 siendo la especie con mayor porcentaje de cenizas. Especie con menor cantidad FDN es Ixophorus unisetus (J. Presl) Schltdl. y con menor contenido de celulosa es Megathyrsus maximus (Jaq.) B.K. Simon &amp; S.W.L. Jacobs Var. Guinea, las especies mencionadas son las m&#xE1;s digestibles.</subfield>
  </datafield>
  <datafield tag="650" ind1=" " ind2="4">
    <subfield code="a">Gram&#xED;neas forrajeras</subfield>
    <subfield code="x">Valor nutritivo</subfield>
    <subfield code="9">189292</subfield>
  </datafield>
  <datafield tag="650" ind1=" " ind2="4">
    <subfield code="a">Materia seca</subfield>
    <subfield code="x">Digestibilidad</subfield>
    <subfield code="9">133616</subfield>
  </datafield>
  <datafield tag="650" ind1=" " ind2="4">
    <subfield code="a">Plantas forrajeras</subfield>
    <subfield code="x">Composici&#xF3;n</subfield>
    <subfield code="9">88953</subfield>
  </datafield>
  <datafield tag="650" ind1=" " ind2="4">
    <subfield code="a">Plantas forrajeras</subfield>
    <subfield code="x">Prote&#xED;nas</subfield>
    <subfield code="9">88978</subfield>
  </datafield>
  <datafield tag="700" ind1="1" ind2=" ">
    <subfield code="a">Mendoza Pedroza, Sergio Ib&#xE1;n</subfield>
    <subfield code="9">74719</subfield>
    <subfield code="e">Director de tesis.</subfield>
  </datafield>
  <datafield tag="700" ind1="1" ind2=" ">
    <subfield code="a">Sosa Montes, Eliseo</subfield>
    <subfield code="e">Secretario.</subfield>
    <subfield code="9">108816</subfield>
  </datafield>
  <datafield tag="700" ind1="1" ind2=" ">
    <subfield code="a">Ram&#xED;rez Bribiesca, Jacinto Efr&#xE9;n</subfield>
    <subfield code="9">93897</subfield>
    <subfield code="e">Vocal.</subfield>
  </datafield>
  <datafield tag="700" ind1="0" ind2=" ">
    <subfield code="a">Gonz&#xE1;lez Cer&#xF3;n, Fernando</subfield>
    <subfield code="9">48783</subfield>
    <subfield code="e">Suplente.</subfield>
  </datafield>
  <datafield tag="700" ind1="1" ind2=" ">
    <subfield code="a">Monz&#xF3;n Armenta, Jos&#xE9; Melquiades</subfield>
    <subfield code="9">78028</subfield>
    <subfield code="e">Suplente.</subfield>
  </datafield>
  <datafield tag="856" ind1=" " ind2=" ">
    <subfield code="u">http://10.13.5.2/tesis/tl/2021_ZO_Sanchez_Sanchez_ZairaSarahi.pdf</subfield>
    <subfield code="z">DESCARGAR PDF</subfield>
  </datafield>
  <datafield tag="942" ind1=" " ind2=" ">
    <subfield code="2">Clasificaci&#xF3;n Universidad Aut&#xF3;noma Chapingo</subfield>
    <subfield code="c">TD</subfield>
  </datafield>
  <datafield tag="999" ind1=" " ind2=" ">
    <subfield code="c">220043</subfield>
    <subfield code="d">220043</subfield>
  </datafield>
  <datafield tag="952" ind1=" " ind2=" ">
    <subfield code="0">0</subfield>
    <subfield code="1">0</subfield>
    <subfield code="2">local</subfield>
    <subfield code="4">0</subfield>
    <subfield code="5">1</subfield>
    <subfield code="7">0</subfield>
    <subfield code="8">TesDigL</subfield>
    <subfield code="a">BD</subfield>
    <subfield code="b">BD</subfield>
    <subfield code="c">E_L</subfield>
    <subfield code="d">2024-08-01</subfield>
    <subfield code="l">0</subfield>
    <subfield code="o">Tesis digital</subfield>
    <subfield code="r">2024-08-01 13:14:24</subfield>
    <subfield code="w">2024-08-01</subfield>
    <subfield code="y">TD</subfield>
  </datafield>
</record>
